Cartoon Hoofed Animals - Statistics

General Stats
  • This quiz has been taken 78 times
  • The average score is 7 of 16
Answer Stats
Picture Answer % Correct
Bambi
97%
Donkey
93%
Rudolph the Red nosed Reindeer
92%
Eeyore
77%
Cow
55%
Kuzco
48%
Bullwinkle
45%
Clarabelle Cow
38%
Melman
33%
Mooshroom
33%
Geoffrey Giraffe
28%
Tauros
28%
Joe Camel
20%
Otis
20%
Wooloo
15%
Yipes
3%
No matching quizzes found
Score Distribution
Percent of People with Each Score
Percentile by Number Answered
Your Score History
You have not taken this quiz